000 00714nam a2200253Ia 4500
003 OSt
005 20220928131538.0
006 a|||||r|||| 00| 0
007 ta
008 220927b |||||||| |||| 00| 0 eng d
020 _c399
024 _a68980
037 _b184, 15/12/2010, Pioneer Book Distributors
_cTextual
040 _aSDCL
_cSDCL
_beng
041 _2eng
_aeng
082 _aO157,3M61,1, P9
100 _aTagore Rabindranath
245 0 _aGora.
260 _c2009
300 _axxv,517p.
_ccm.
650 _aInstitute of Life Long Learning
942 _hO157,3M61,1, P9
_cTEXL
_2CC
999 _c791286
_d791286